01444 2200505 4500001002100000005001500021035002500036008004100061020002200102040001700124082001600141084001600157090001800173090002100191090001900212245011300231250002000344260003600364300004900400650003800449700002600487700002500513850001200538041000800550504002900558999002100587990002100608990001800629990001800647990001800665990001800683990001800701990001800719990001800737990001800755990001800773990002100791990001800812990001800830990001800848990001800866990001800884990001800902990001800920INLIS00000000000281820240726113332 a0010-081400000052138150324s2014 yoi g 000 0 ind d a978-602-9431-57-5 aYOPDYOGbind04223a372.076 a372.076 TOP aK 372.076 TOP aCB-D.11 2014-338 aPK 372.076 TOP10aTop rangking 1 ulangan harian untuk kelas V SD/MI /cWisni Nugrahaningtyas; penyunting, Danang Budi Nurcahyo aCetakan I, 20143 aYogyakarta :bKana Media,c2014 aiv, 362 halaman :bilustrasi, tabel ;c28 cm 4aSekolah Dasar--xUjian, soal, dsb0 aWisni Nugrahaningtyas0 aDanang Budi Nurcahyo aYOPDYOG0 aind aBibliografi: halaman 361 aCB-D.11/2014-338 aCB-D.11/2014-338 a20209-PD/B.15 a20210-PD/B.15 a20211-PD/B.15 a27964-PD/B.15 a27965-PD/B.15 a27966-PD/B.15 a34128-PD/B.18 a34129-PD/B.18 a20210-PD/B.15 aCB-D.11/2014-338 a20209-PD/B.15 a20211-PD/B.15 a27964-PD/B.15 a27965-PD/B.15 a27966-PD/B.15 a34128-PD/B.18 a34129-PD/B.18